Calciatori con più presenze in Champions League per squadra - Statistics

Statistiche generali
  • Questo quiz è stato fatto 38 volte
  • Il punteggio medio è 22 su 31
Statistiche sulle risposte
Presenze Nazione Squadra Periodo Calciatore % Corretto
149 Argentina Barcellona 2005-2021 Lionel Messi
100%
134 Croazia Real Madrid 2012-2025 Luka Modrić
100%
101 Portogallo Real Madrid 2009-2018 Cristiano Ronaldo
97%
117 Italia Juventus 2001-2021 Gianluigi Buffon
97%
139 Italia Milan 1988-2008 Paolo Maldini
97%
164 Germania Bayern Monaco 2008-2025 Thomas Müller
97%
132 Spagna Barcellona 2002-2018 Andrés Iniesta
94%
157 Spagna Barcellona 1999-2015 Xavi Hernández
94%
130 Germania Bayern Monaco 2011- Manuel Neuer
88%
105 Argentina Inter 1998-2012 Javier Zanetti
84%
152 Spagna Real Madrid 1999-2015 Iker Casillas
81%
133 Francia Real Madrid 2009-2023 Karim Benzema
81%
132 Spagna Real Madrid 1995-2010 Raúl González Blanco
81%
151 Galles Manchester United 1993-2014 Ryan Giggs
81%
129 Spagna Real Madrid 2005-2021 Sergio Ramos
78%
120 Spagna Barcellona 1999-2014 Carles Puyol
75%
107 Germania Bayern Monaco 2002-2017 Philipp Lahm
72%
107 Brasile Paris Saint-Germain 2013- Marquinhos
69%
104 Inghilterra Chelsea 2003-2014 Frank Lampard
66%
102 Brasile Real Madrid 2007-2022 Marcelo
66%
129 Spagna Barcellona 2008-2023 Sergio Busquets
63%
126 Spagna Barcellona 2008-2022 Gerard Piqué
56%
102 Spagna Atletico Madrid 2013- Koke
56%
109 Brasile Real Madrid 1997-2007 Roberto Carlos
56%
111 Inghilterra Chelsea 2003-2015 John Terry
53%
130 Inghilterra Manchester United 1994-2013 Paul Scholes
47%
115 Inghilterra Manchester United 1993-2011 Gary Neville
44%
110 Spagna Barcellona 2002-2014 Víctor Valdés
44%
107 Germania Bayern Monaco 1994-2007 Oliver Kahn
38%
109 Ucraina Dinamo Kiev 1994-2016 Olexandr Shovkovskiy
9%
107 Norvegia Rosenborg 1989-2011 Roar Strand
3%
Nessun quiz corrispondente trovato
Distribuzione punteggi
Percentuale di utenti per punteggio
Percentile per numero di risposta
I tuoi punteggi nel tempo
Non hai fatto questo quiz